[Event "21st Dubai Open 2019"]
[Site "Dubai UAE"]
[Date "2019.04.06"]
[Round "5.26"]
[White "Koniahli, Malek."]
[Black "Divya, Deshmukh"]
[Result "1/2-1/2"]
[WhiteTitle "FM"]
[BlackTitle "WIM"]
[WhiteElo "2294"]
[BlackElo "2266"]
[WhiteFideId "7603495"]
[BlackFideId "35006916"]
[EventDate "2019.04.01"]

1. Nf3 Nf6 2. g3 d5 3. Bg2 Bf5 4. O-O e6 5. c4 c6 6. b3 Be7 7. Bb2 O-O 8. d3 h6
9. Nbd2 a5 10. a3 Nbd7 11. Ra2 Qb6 12. Qa1 Rfd8 13. Bc3 Bc5 14. h3 Bh7 15. Qb2
e5 16. b4 axb4 17. axb4 Rxa2 18. Qxa2 Bxb4 19. Rb1 c5 20. Nxe5 Nxe5 21. Bxe5 d4
22. Bxf6 Qxf6 23. Bxb7 Qe6 24. Nf3 Re8 25. Nxd4 cxd4 26. Rxb4 Bxd3 27. Qd2 Bxe2
28. Qxd4 Bf3 29. Qe3 Qxe3 30. fxe3 Rb8 31. e4 Bxe4 32. c5 Bf3 33. Rb3 Rxb7 34.
Rxf3 Rb1+ 35. Kg2 Rc1 36. Rf5 Kf8 37. Re5 Rc3 38. h4 g6 39. h5 f6 40. Rd5 g5 41.
Kh3 Ke7 42. Kg2 Ke6 43. Rd8 Kf5 44. Rh8 Kg4 45. Rxh6 Rc2+ 46. Kf1 Rxc5 47. Rxf6
Kxh5 48. Kg2 Kg4 49. Ra6 Rc2+ 50. Kg1 Kh3 51. Ra1 g4 52. Rb1 Rg2+ 53. Kh1 Rxg3
54. Rb6 Rc3 55. Rb1 Rc2 56. Rb3+ g3 57. Rb1 Re2 58. Rc1 Kg4 59. Rc3 Ra2 60. Rb3
Kh3 61. Rb1 Ra3 62. Rc1 Kg4 63. Kg1 Rb3 64. Rc8 Rb1+ 65. Kg2 Rb2+ 66. Kg1 Rb1+
67. Kg2 1/2-1/2

[Event "21st Dubai Open 2019"]
[Site "Dubai UAE"]
[Date "2019.04.06"]
[Round "5.27"]
[White "Shyaamnikhil, P"]
[Black "Srihari, L R"]
[Result "1/2-1/2"]
[WhiteTitle "IM"]
[BlackTitle "FM"]
[WhiteElo "2429"]
[BlackElo "2211"]
[WhiteFideId "5024218"]
[BlackFideId "46617116"]
[EventDate "2019.04.01"]

1. e4 g6 2. d4 Bg7 3. Be3 d6 4. f3 Nd7 5. Qd2 c5 6. c3 b6 7. h4 h6 8. Ne2 Ba6 9.
a4 e5 10. Na3 Ne7 11. dxe5 Nxe5 12. Nf4 Bxf1 13. Kxf1 Qd7 14. Nd5 Nxd5 15. Qxd5
O-O 16. h5 g5 17. Nc2 Kh8 18. Bf2 f5 19. exf5 Qxf5 20. Ne3 Qf4 21. Kg1 Rae8 22.
Nf1 g4 23. Bg3 Qf5 24. fxg4 Qxg4 25. Rh3 Nf3+ 26. Kh1 Ng5 27. Nh2 Qe2 28. Rh4
Qxb2 29. Rg1 Qxc3 30. Rg4 Qc2 31. Qxd6 Ne4 32. Qc7 Nxg3+ 33. Qxg3 Rf7 34. Nf3
Qf5 35. Qh3 Re3 36. Rd1 Rd7 37. Rf1 Rf7 38. Rd1 Rd7 39. Rf1 c4 40. Rxc4 Qxh3+
41. gxh3 Kh7 42. Kg2 Rc3 43. Rxc3 Bxc3 44. Rc1 Bb4 45. Ne5 Rd2+ 46. Kf3 Bc5 47.
a5 Rh2 48. axb6 axb6 49. Nd7 Rxh3+ 50. Ke4 1/2-1/2

[Event "21st Dubai Open 2019"]
[Site "Dubai UAE"]
[Date "2019.04.06"]
[Round "5.28"]
[White "Tokhirjonova, Gulrukhbegim"]
[Black "Mulenga, Prince Daniel"]
[Result "0-1"]
[WhiteTitle "WGM"]
[WhiteElo "2434"]
[BlackElo "2234"]
[WhiteFideId "14203626"]
[BlackFideId "8701776"]
[EventDate "2019.04.01"]

1. e4 e5 2. Nf3 Nc6 3. Bb5 a6 4. Ba4 Nf6 5. O-O Be7 6. Re1 b5 7. Bb3 d6 8. c3
O-O 9. d4 Bg4 10. Be3 exd4 11. cxd4 Na5 12. Bc2 Nc4 13. Bc1 c5 14. b3 Nb6 15.
Nbd2 Rc8 16. h3 Bh5 17. Bb2 c4 18. bxc4 Nxc4 19. Nxc4 bxc4 20. Bc3 d5 21. e5 Ne8
22. Bf5 Rb8 23. Qa4 Bg6 24. Ba5 Nc7 25. Bd7 Rb5 26. Bxb5 axb5 27. Qd1 Qd7 28.
Qd2 Ne6 29. a3 Be4 30. Re3 Ra8 31. Rd1 h6 32. Bb4 Bd8 33. Qc1 Bg6 34. Ree1 Qa7
35. Qe3 Bb6 36. Bc3 Qxa3 37. Ra1 Qf8 38. Rxa8 Qxa8 39. Ra1 Qd8 40. Ra2 Be4 41.
Nd2 Bd3 42. Nf3 Be4 43. Rb2 Bxf3 44. gxf3 Ba5 45. Rxb5 Bxc3 46. Qxc3 Qg5+ 47.
Kf1 Nf4 48. Rb8+ Kh7 49. Qe3 Qf5 50. Qa3 Qxh3+ 51. Ke1 Qh1+ 52. Kd2 Nd3 53. Kc2
Qxf3 54. Qf8 Qxf2+ 55. Kb1 Qxd4 56. Qxf7 Qxe5 57. Qg8+ Kg6 58. Rb6+ Kh5 59. Qf7+
Kh4 60. Qf1 Qe1+ 61. Qxe1+ Nxe1 62. Rg6 d4 63. Rxg7 Nf3 64. Kc2 h5 65. Rc7 Kg3
66. Rxc4 h4 67. Rc8 h3 68. Rg8+ Kf2 69. Rh8 h2 70. Kd3 Kg3 71. Rg8+ Kh3 0-1

[Event "21st Dubai Open 2019"]
[Site "Dubai UAE"]
[Date "2019.04.06"]
[Round "5.29"]
[White "Haug, Johannes"]
[Black "Panda, Sambit"]
[Result "1-0"]
[WhiteTitle "IM"]
[WhiteElo "2406"]
[BlackElo "2218"]
[WhiteFideId "1509268"]
[BlackFideId "25091794"]
[EventDate "2019.04.01"]

1. d4 Nf6 2. Nf3 e6 3. e3 b6 4. b3 Bb7 5. Bb2 c5 6. Bd3 Nc6 7. a3 g6 8. Nbd2
cxd4 9. exd4 Bg7 10. O-O O-O 11. Rc1 Nh5 12. Re1 d6 13. c4 Re8 14. b4 e5 15. d5
Ne7 16. Ne4 f5 17. Nxd6 Qxd6 18. c5 Qd7 19. c6 Nxc6 20. Bb5 a6 21. dxc6 Qxd1 22.
Rexd1 axb5 23. cxb7 Rab8 24. Rc7 e4 25. Bxg7 exf3 26. Ba1 Nf4 27. gxf3 Ne6 28.
Rcd7 Ng5 29. Kg2 Nf7 30. Rc1 Red8 31. Rxd8+ Nxd8 32. Rc8 1-0

[Event "21st Dubai Open 2019"]
[Site "Dubai UAE"]
[Date "2019.04.06"]
[Round "5.30"]
[White "Dimakiling, Oliver"]
[Black "Gandhi, Anish"]
[Result "1-0"]
[WhiteTitle "IM"]
[WhiteElo "2423"]
[BlackElo "2156"]
[WhiteFideId "5202248"]
[BlackFideId "5061032"]
[EventDate "2019.04.01"]

1. c4 Nf6 2. Nc3 c5 3. Nf3 d5 4. cxd5 Nxd5 5. g3 g6 6. Bg2 Bg7 7. h4 Nc6 8. h5
Bf5 9. Nh4 Nxc3 10. bxc3 Be6 11. Rb1 Bxa2 12. Rxb7 Bd5 13. Qa4 Rc8 14. Nf3 Kf8
15. e4 Be6 16. h6 Bf6 17. O-O g5 18. d4 g4 19. Ng5 cxd4 20. e5 Bxg5 21. Bxg5 Bd5
22. c4 Bxg2 23. Kxg2 Rg8 24. Bf4 Rg6 25. Rd1 Rb8 26. Rxb8 Qxb8 27. Qb5 Qc8 28.
Qd5 Re6 29. Qe4 Rg6 30. Rb1 Qd7 31. Rb5 Ke8 32. Qb1 Nd8 33. Rd5 Qb7 34. Qxb7
Nxb7 35. Rxd4 a5 36. Be3 a4 37. Rd5 Ra6 38. Rb5 Nd8 39. Bd4 a3 40. Ba1 Rxh6 41.
Ra5 Rc6 42. Ra4 Ne6 43. Kf1 h5 44. Ke2 Kf8 45. Ke3 Kg7 46. Bd4 Kg6 47. Ke4 Rc7
48. Be3 a2 49. Kd3 Nc5+ 50. Bxc5 Rxc5 51. Kd4 Rc8 52. Rxa2 Kf5 53. c5 Rd8+ 54.
Kc4 Kxe5 55. Re2+ Kf6 56. Kb5 e5 57. c6 Ke6 58. c7 Rh8 59. Kc6 f5 60. Rd2 Rc8
61. Rd6+ Ke7 62. Rh6 1-0

[Event "21st Dubai Open 2019"]
[Site "Dubai UAE"]
[Date "2019.04.06"]
[Round "5.31"]
[White "Abelgas, Roel"]
[Black "Sundararajan, Kidambi"]
[Result "1/2-1/2"]
[WhiteTitle "FM"]
[BlackTitle "GM"]
[WhiteElo "2256"]
[BlackElo "2413"]
[WhiteFideId "5200970"]
[BlackFideId "5005370"]
[EventDate "2019.04.01"]

1. d4 Nf6 2. Nf3 g6 3. c4 Bg7 4. Nc3 d5 5. e3 O-O 6. b4 Bg4 7. Bb2 c6 8. Qb3
Bxf3 9. gxf3 dxc4 10. Qxc4 Nbd7 11. f4 a5 12. bxa5 Qxa5 13. Bg2 Nb6 14. Qb3 c5
15. dxc5 Qxc5 16. Rc1 Ng4 17. Nb5 Qh5 18. Bxg7 Kxg7 19. h3 Nf6 20. O-O Nbd5 21.
Nc7 Ra5 22. Qxb7 Nxc7 23. Rxc7 e5 24. Rc4 exf4 25. Rxf4 Rxa2 26. Qe7 Ra6 27. Qb7
Re6 28. Qb2 Qe5 29. Qd4 Qxd4 30. Rxd4 Rfe8 1/2-1/2

[Event "21st Dubai Open 2019"]
[Site "Dubai UAE"]
[Date "2019.04.06"]
[Round "5.32"]
[White "Franco Valencia, Angela"]
[Black "Manush, Shah"]
[Result "0-1"]
[WhiteTitle "WIM"]
[BlackTitle "FM"]
[WhiteElo "2141"]
[BlackElo "2405"]
[WhiteFideId "4403070"]
[BlackFideId "5040680"]
[EventDate "2019.04.01"]

1. e4 c6 2. Ne2 d5 3. e5 d4 4. c3 c5 5. cxd4 cxd4 6. Qa4+ Nc6 7. Nf4 g5 8. Nd3
Qd5 9. f3 Bg7 10. Be2 Bd7 11. O-O Nxe5 12. Qa3 Nh6 13. Nb4 Qc5 14. Kh1 Rc8 15.
Nd3 Qc2 16. b4 O-O 17. Nxe5 Bxe5 18. Bd3 Qc7 19. Bb2 a6 20. Be4 Nf5 21. Re1 Bxh2
22. Bxf5 Bxf5 23. Bxd4 Qg3 24. Re5 Qh4 25. Rxf5 Be5+ 0-1

[Event "21st Dubai Open 2019"]
[Site "Dubai UAE"]
[Date "2019.04.06"]
[Round "5.33"]
[White "Dhulipalla, Bala Chandra Prasad"]
[Black "Wang, Shanshan"]
[Result "1-0"]
[WhiteTitle "IM"]
[WhiteElo "2384"]
[BlackElo "2116"]
[WhiteFideId "25005812"]
[BlackFideId "8605262"]
[EventDate "2019.04.01"]

1. d4 Nf6 2. c4 g6 3. g3 Bg7 4. Bg2 c5 5. d5 d6 6. Nc3 O-O 7. Nf3 Na6 8. O-O Nc7
9. e4 Bg4 10. Qc2 Rb8 11. Re1 a6 12. h3 Bxf3 13. Bxf3 b5 14. Be2 b4 15. Na4 Nd7
16. Be3 e5 17. Bd3 f6 18. Rad1 Rf7 19. Rf1 Qf8 20. Qd2 Qe8 21. b3 a5 22. Bc2 Na6
23. Kg2 Qe7 24. h4 Kh8 25. h5 g5 26. Rde1 h6 27. Bd1 f5 28. exf5 e4 29. f4 exf3+
30. Bxf3 Be5 31. g4 Qf6 32. Re2 Nb6 33. Nxb6 Rxb6 34. Bf2 Nc7 35. Re4 Kg7 36.
Qe2 Rb8 37. Bxc5 dxc5 38. Rxe5 Qd6 39. Re1 Kf8 40. Qb2 Qf6 41. d6 1-0

[Event "21st Dubai Open 2019"]
[Site "Dubai UAE"]
[Date "2019.04.06"]
[Round "5.34"]
[White "Sri, Sai Baswanth P"]
[Black "Rathnakaran, K."]
[Result "0-1"]
[BlackTitle "IM"]
[WhiteElo "2018"]
[BlackElo "2361"]
[WhiteFideId "25088793"]
[BlackFideId "5005507"]
[EventDate "2019.04.01"]

1. e4 c5 2. Nc3 Nc6 3. f4 e6 4. Nf3 d5 5. Bb5 dxe4 6. Nxe4 Bd7 7. O-O Nf6 8. d3
a6 9. Bxc6 Bxc6 10. Qe2 Be7 11. b3 O-O 12. Bb2 Nxe4 13. dxe4 f6 14. a4 b5 15.
axb5 Bxb5 16. c4 Bc6 17. Qe3 Qb6 18. Ra3 Rfd8 19. f5 e5 20. Nd2 Qb7 21. Re1 Rd7
22. Nb1 Rad8 23. Nc3 Rd2 24. Re2 R2d3 25. Qf2 Bxe4 26. Rxe4 Rxc3 27. Bxc3 Qxe4
28. h3 Qd3 29. Ba5 Qb1+ 30. Kh2 Rd1 31. Bc7 Qc1 32. Rxa6 Rh1+ 33. Kg3 Qg5+ 34.
Kf3 Qxf5+ 35. Ke3 Qb1 36. Qd2 Qxb3+ 37. Kf2 Qxc4 38. Ra8+ Kf7 39. Ra7 Rc1 40.
Qd7 Qf4+ 41. Ke2 Rc2+ 0-1

[Event "21st Dubai Open 2019"]
[Site "Dubai UAE"]
[Date "2019.04.06"]
[Round "5.35"]
[White "Sidhant, Mohapatra"]
[Black "Thrish, Karthik"]
[Result "1-0"]
[WhiteTitle "IM"]
[WhiteElo "2348"]
[BlackElo "2096"]
[WhiteFideId "5028698"]
[BlackFideId "46626433"]
[EventDate "2019.04.01"]

1. c4 Nf6 2. Nc3 e5 3. g3 Nc6 4. Bg2 Bb4 5. d3 O-O 6. Bd2 a5 7. a3 Bxc3 8. Bxc3
d5 9. Nf3 d4 10. Bd2 a4 11. O-O Nd7 12. b4 axb3 13. Qxb3 Re8 14. Qc2 Nc5 15. Bb4
Ne6 16. Rfb1 h5 17. Bd2 g6 18. Rb5 Qf6 19. Qb2 h4 20. Nxh4 g5 21. Nf3 g4 22. Nh4
Kg7 23. f3 Nf4 24. gxf4 Qxh4 25. Be1 Qh6 26. fxe5 gxf3 27. Bxf3 Nxe5 28. Qxd4
Qf6 29. Bc3 Nxf3+ 30. exf3 Qxd4+ 31. Bxd4+ f6 32. Kf2 Rd8 33. Ke3 Ra6 34. Rg1+
Kf7 35. Bb2 Re6+ 36. Kd2 Rde8 37. Rg2 Re3 38. Rh5 Rxf3 39. Rh7+ Kf8 40. a4 Rxd3+
41. Kxd3 Bf5+ 42. Kd2 Bxh7 43. Bxf6 Re6 44. Bd4 Bg8 45. Bc5+ Kf7 46. Kc3 b6 47.
Bg1 Rg6 48. Rxg6 Kxg6 49. Bf2 Kf5 50. Bg3 c6 51. Bc7 Ke6 52. Bxb6 Kd7 53. Kd4
Be6 54. Kc5 Kc8 55. h4 Bf7 56. a5 Kb7 57. Kd4 1-0

[Event "21st Dubai Open 2019"]
[Site "Dubai UAE"]
[Date "2019.04.06"]
[Round "5.36"]
[White "Mohammed, Dilshad"]
[Black "Quizon, Daniel"]
[Result "0-1"]
[BlackTitle "IM"]
[WhiteElo "2006"]
[BlackElo "2268"]
[WhiteFideId "5050421"]
[BlackFideId "5217911"]
[EventDate "2019.04.01"]

1. Nf3 Nf6 2. c4 g6 3. g3 Bg7 4. Bg2 O-O 5. O-O d6 6. d4 c5 7. dxc5 dxc5 8. Qxd8
Rxd8 9. Nc3 Nc6 10. Be3 Be6 11. Rfd1 Bxc4 12. Nd2 Bd5 13. Bxc5 Bxg2 14. Kxg2 e6
15. e4 Nd7 16. Bd6 Nde5 17. Bxe5 Nxe5 18. Nf1 Nc4 19. Rxd8+ Rxd8 20. Nd1 Rd4 21.
f3 Rd6 22. Rc1 Rc6 23. Rc2 Nxb2 24. Rxc6 bxc6 25. Nxb2 Bxb2 26. Kf2 Bc1 27. Ke2
Kf8 28. Kd1 Bh6 29. f4 e5 30. fxe5 Ke7 31. h3 Bg7 32. Ne3 Bxe5 33. g4 Bc7 34.
Ke2 Kd6 35. Nc2 Ke5 36. Nb4 Kxe4 37. Nxc6 Bb6 38. Nb4 Kf4 39. a4 Kg3 40. Nc6 f5
41. gxf5 gxf5 42. Ne7 f4 43. Nf5+ Kg2 44. Nh4+ Kxh3 45. Nf3 h5 46. Kf1 Kg3 0-1

[Event "21st Dubai Open 2019"]
[Site "Dubai UAE"]
[Date "2019.04.06"]
[Round "5.37"]
[White "Charkhalashvili, Inga"]
[Black "Mrudul, Dehankar"]
[Result "1/2-1/2"]
[WhiteTitle "WGM"]
[BlackTitle "WCM"]
[WhiteElo "2338"]
[BlackElo "2078"]
[WhiteFideId "13601431"]
[BlackFideId "25096990"]
[EventDate "2019.04.01"]

1. d4 Nf6 2. c4 e6 3. Nf3 b6 4. g3 Ba6 5. b3 Bb4+ 6. Bd2 Be7 7. Bg2 c6 8. Bc3 d5
9. Nbd2 Nbd7 10. O-O Rc8 11. Bb2 O-O 12. Rc1 c5 13. dxc5 Bxc5 14. a3 dxc4 15.
Nxc4 Qe7 16. Nd4 Rfd8 17. Qe1 Bxd4 18. Bxd4 Bxc4 19. bxc4 Qxa3 20. Ra1 Qd6 21.
Qc3 Qc7 22. Qb2 e5 23. Be3 Qxc4 24. Rxa7 Qe6 25. Qb5 Nc5 26. Rc1 h6 27. h3 Nd5
28. Bxc5 bxc5 29. Rxc5 Nc3 30. Rxc8 Rxc8 31. Qd3 e4 32. Qd2 Qc4 33. e3 Rb8 34.
Kh2 Nd5 35. Rd7 Nf6 36. Rd4 Qc6 37. Qa2 Ra8 38. Qb2 Rc8 39. Qb4 Qc2 40. Rd2 Qc4
41. Qb7 Re8 42. Qb1 Qc3 43. Rd4 Qc6 44. Rb4 Qd5 45. Qc2 Qe5 46. Qc6 Qe6 47. Qxe6
Rxe6 48. g4 g5 49. Kg3 Kg7 50. Bf1 Re7 51. Rb5 Rc7 52. Re5 Rc1 53. Bg2 Rc4 54.
h4 Kg6 55. Re7 Kg7 56. Re5 Kg6 57. Re7 Kg7 1/2-1/2

[Event "21st Dubai Open 2019"]
[Site "Dubai UAE"]
[Date "2019.04.06"]
[Round "5.38"]
[White "Parthasarathy, R"]
[Black "Naboka, Sergey"]
[Result "0-1"]
[BlackTitle "FM"]
[WhiteElo "1989"]
[BlackElo "2327"]
[WhiteFideId "5073227"]
[BlackFideId "14123452"]
[EventDate "2019.04.01"]

1. e4 c5 2. Nf3 Nc6 3. Bb5 g6 4. O-O Bg7 5. Re1 Nf6 6. c3 O-O 7. d4 d5 8. exd5
Qxd5 9. c4 Qd6 10. dxc5 Qxd1 11. Rxd1 Ne4 12. Nbd2 Rd8 13. Re1 Nxc5 14. Bxc6
bxc6 15. Nb3 Nd3 16. Rxe7 Bg4 17. Be3 Bxf3 18. gxf3 a5 19. Bb6 Rdb8 20. Bc7 Rb7
21. Rd1 Bf8 22. Rd7 Nxb2 23. R1d4 Raa7 24. Be5 Rxd7 25. Rxd7 Rxd7 26. Bxb2 a4
27. Na5 Rd2 28. Bf6 Rxa2 29. Nxc6 Rc2 30. Ne7+ Bxe7 31. Bxe7 Rxc4 32. Kf1 Rc3
33. Ke2 a3 34. Bf6 Rc6 35. Be5 0-1

[Event "21st Dubai Open 2019"]
[Site "Dubai UAE"]
[Date "2019.04.06"]
[Round "6.2"]
[White "Raghunandan, Kaumandur Srihari"]
[Black "Kuzubov, Yuriy"]
[Result "0-1"]
[WhiteTitle "IM"]
[BlackTitle "GM"]
[WhiteElo "2352"]
[BlackElo "2644"]
[WhiteFideId "25004964"]
[BlackFideId "14112906"]
[EventDate "2019.04.01"]

1. e4 c5 2. Nf3 Nc6 3. Bb5 Nf6 4. Nc3 Qc7 5. O-O Nd4 6. Re1 e5 7. Bc4 Be7 8. d3
O-O 9. Nd2 d6 10. Nf1 Bg4 11. f3 Be6 12. Ne3 Qd7 13. a4 Kh8 14. Ncd5 Bd8 15. a5
Rb8 16. c3 Nc6 17. Nxf6 Bxf6 18. Qa4 Bg5 19. Nd5 Bxc1 20. Raxc1 Qc8 21. a6 b6
22. Bb5 Bxd5 23. exd5 Ne7 24. d4 f6 25. Rcd1 Qc7 26. dxe5 fxe5 27. Re4 Ng6 28.
Rf1 Nf4 29. Qd1 Rf6 30. g3 Nh3+ 31. Kg2 Ng5 32. Rg4 Nf7 33. Re4 Rf8 34. f4 Qc8
35. Bd3 exf4 36. Rexf4 Rxf4 37. Rxf4 Ne5 38. Rxf8+ Qxf8 39. Qf1 Qxf1+ 40. Bxf1
g6 41. Be2 Kg7 42. Kf2 Kf6 43. Ke3 Kf5 44. h3 Nf7 45. Bb5 Ke5 46. c4 Ng5 47. h4
Ne4 48. g4 h6 49. Bd7 g5 50. h5 Nf6 51. Be6 Ne8 52. Bd7 Nc7 53. Bc8 b5 54. b3
bxc4 55. bxc4 Ne8 56. Bd7 Nf6 57. Be6 Ne4 58. Bd7 Nc3 59. Bc8 Nd1+ 60. Kd2 Nb2
61. Kc3 Na4+ 62. Kd3 Nb6 63. Bf5 Kf4 64. Kc3 Na8 65. Kb3 Nc7 66. Bc8 Ke4 67. Kc3
Ke3 68. Bb7 Ne8 69. Bc8 Nf6 70. Bf5 Kf4 71. Kb3 Nxg4 0-1

[Event "21st Dubai Open 2019"]
[Site "Dubai UAE"]
[Date "2019.04.06"]
[Round "6.3"]
[White "Indjic, Aleksandar"]
[Black "Yeoh, Li Tian"]
[Result "1-0"]
[WhiteTitle "GM"]
[BlackTitle "IM"]
[WhiteElo "2620"]
[BlackElo "2522"]
[WhiteFideId "911925"]
[BlackFideId "5702895"]
[EventDate "2019.04.01"]

1. Nf3 d5 2. e3 Nf6 3. c4 c6 4. Nc3 g6 5. d4 Bg7 6. h3 O-O 7. Bd3 a6 8. O-O Bf5
9. Bxf5 gxf5 10. b3 Ne4 11. Bb2 Nd7 12. cxd5 Nxc3 13. Bxc3 cxd5 14. Qd3 e6 15.
Rfc1 Qb6 16. Ne5 Qd6 17. Qd2 Nxe5 18. Bb4 Qd8 19. Bxf8 Qxf8 20. dxe5 Bxe5 21.
Rab1 Qg7 22. Rc2 Qf8 23. Rbc1 Bd6 24. Qd4 Rb8 25. g3 h6 26. Rb1 Bb4 27. a3 Bxa3
28. b4 Rc8 29. Rc3 Rc4 30. Rxc4 dxc4 31. Qc3 Bxb4 32. Qxb4 Qxb4 33. Rxb4 b5 34.
Kf1 Kf8 35. Ke2 Ke7 36. Rb1 1-0

[Event "21st Dubai Open 2019"]
[Site "Dubai UAE"]
[Date "2019.04.06"]
[Round "6.5"]
[White "Ghaem Maghami, Ehsan"]
[Black "Iturrizaga Bonelli, Eduardo"]
[Result "0-1"]
[WhiteTitle "GM"]
[BlackTitle "GM"]
[WhiteElo "2536"]
[BlackElo "2639"]
[WhiteFideId "12500739"]
[BlackFideId "3901211"]
[EventDate "2019.04.01"]

1. d4 Nf6 2. Nf3 b6 3. c4 Bb7 4. Nc3 e6 5. Bg5 Bb4 6. Nd2 h6 7. Bh4 Nc6 8. a3
Bxc3 9. bxc3 Ne7 10. f3 Ng6 11. Bf2 O-O 12. e4 Nh7 13. g3 f5 14. Bg2 Qf6 15. O-O
f4 16. g4 Nh4 17. Bh1 h5 18. Qe1 Ng6 19. h4 hxg4 20. fxg4 e5 21. d5 d6 22. Bf3
Ne7 23. g5 Nxg5 24. hxg5 Qxg5+ 25. Bg2 f3 26. Nxf3 Rxf3 27. Bh4 Rxf1+ 28. Kxf1
Qf4+ 29. Kg1 Ng6 30. Bg3 Qg5 31. c5 bxc5 32. Rb1 Ba6 33. Rb2 Rf8 34. Rf2 Nf4 35.
Bxf4 exf4 0-1

[Event "21st Dubai Open 2019"]
[Site "Dubai UAE"]
[Date "2019.04.06"]
[Round "6.6"]
[White "Adly, Ahmed"]
[Black "Iniyan, P"]
[Result "1/2-1/2"]
[WhiteTitle "GM"]
[BlackTitle "IM"]
[WhiteElo "2611"]
[BlackElo "2487"]
[WhiteFideId "10601619"]
[BlackFideId "25002767"]
[EventDate "2019.04.01"]

1. d4 Nf6 2. c4 g6 3. g3 Bg7 4. Bg2 d6 5. Nf3 O-O 6. O-O Nc6 7. Nc3 Bg4 8. d5
Na5 9. b3 c5 10. Bb2 a6 11. Nd2 Rb8 12. h3 Bf5 13. e4 Bd7 14. Qc2 b5 15. Rab1 e5
16. Ne2 Nh5 17. g4 Nf6 18. f4 exf4 19. Rxf4 bxc4 20. Rbf1 cxb3 21. axb3 Ne8 22.
Bxg7 Nxg7 23. R1f2 Bb5 24. Nc3 Bd7 25. Ne2 Bb5 26. Nc3 Bd7 1/2-1/2

[Event "21st Dubai Open 2019"]
[Site "Dubai UAE"]
[Date "2019.04.06"]
[Round "6.7"]
[White "Tabatabaei, M.amin"]
[Black "Nguyen, Anh Khoi"]
[Result "1-0"]
[WhiteTitle "GM"]
[BlackTitle "IM"]
[WhiteElo "2600"]
[BlackElo "2484"]
[WhiteFideId "12521213"]
[BlackFideId "12404675"]
[EventDate "2019.04.01"]

1. e4 c5 2. Nf3 d6 3. Bb5+ Bd7 4. Bxd7+ Qxd7 5. c4 Nf6 6. Nc3 g6 7. d4 cxd4 8.
Nxd4 Bg7 9. f3 O-O 10. Be3 Nc6 11. Rc1 a6 12. Nxc6 bxc6 13. O-O Qb7 14. Na4 Nd7
15. b3 f5 16. c5 fxe4 17. fxe4 Rxf1+ 18. Qxf1 Ne5 19. Nb6 Rd8 20. Kh1 a5 21. h3
Qb8 22. cxd6 Qxd6 23. Nc4 Qe6 24. Nxa5 Nd3 25. Nxc6 Rd6 26. Rd1 Qxe4 27. Nxe7+
Kh8 28. Bg1 h5 29. a4 Rd7 30. a5 g5 31. Rd2 g4 32. Re2 Qh7 33. Qf7 1-0

[Event "21st Dubai Open 2019"]
[Site "Dubai UAE"]
[Date "2019.04.06"]
[Round "6.8"]
[White "Sanal, Vahap"]
[Black "Abdusattorov, Nodirbek"]
[Result "1/2-1/2"]
[WhiteTitle "GM"]
[BlackTitle "GM"]
[WhiteElo "2511"]
[BlackElo "2560"]
[WhiteFideId "6300545"]
[BlackFideId "14204118"]
[EventDate "2019.04.01"]

1. e4 c5 2. Nf3 d6 3. Bb5+ Bd7 4. Bxd7+ Qxd7 5. O-O Nf6 6. Qe2 Nc6 7. b3 g6 8.
Bb2 Bg7 9. d4 cxd4 10. Nxd4 Nh5 11. c3 O-O 12. Nd2 Rac8 13. Qe3 Nxd4 14. cxd4
Rc2 15. Nc4 Rc8 16. Rab1 Qg4 17. h3 Qe2 18. Rfe1 Qxe3 19. Nxe3 Rd2 20. Red1
Rxd1+ 21. Rxd1 Nf4 22. Kf1 Kf8 23. h4 Ne6 24. g3 h5 25. Ke2 Ke8 26. f4 Nc7 27.
f5 Bh6 28. Rf1 Nb5 29. Nc4 Nc7 30. d5 Na6 31. Bd4 b5 32. Ne3 Nb4 33. a3 Nc2 34.
Bxa7 Nxa3 35. g4 Bxe3 36. Bxe3 Rc2+ 37. Kd3 b4 38. gxh5 gxh5 39. Rg1 Rc3+ 40.
Ke2 Rc2+ 41. Kd3 Rc3+ 42. Ke2 Rc2+ 43. Kd1 Kd7 44. Rg8 Kc7 45. Bd2 Ra2 46. Bxb4
Nc2 47. Ba5+ Rxa5 48. Kxc2 Ra2+ 49. Kd3 Rb2 50. Kc3 Rh2 51. Rg7 Rxh4 52. Kd4 Rh1
53. Rxf7 Kd8 54. Rf8+ Kd7 55. Rh8 h4 56. Ke3 h3 57. Kf2 h2 58. Rh4 Rb1 59. Rxh2
Rxb3 60. Rh8 Ra3 61. Rg8 Rb3 62. Rg3 Rb1 63. Ke3 Ke8 64. Rg6 Re1+ 65. Kf3 Rf1+
66. Ke2 Rh1 67. Re6 Kd7 68. Kf3 Rg1 69. Rg6 Rf1+ 70. Ke3 Ke8 71. Rh6 Kd7 72. Rh8
Kc7 73. Rh3 Kd7 74. Rf3 Rh1 75. Rf2 Ke8 76. Ra2 Kf7 77. Rg2 Rf1 78. Rh2 Ke8 79.
Rh8+ Kd7 80. Rh6 Kd8 81. Rh4 Ke8 82. Ke2 Rg1 83. Kf2 Rc1 84. Rh8+ Kf7 85. Rh6
Ke8 86. Kf3 Rg1 87. Kf4 Kf7 88. Re6 Rf1+ 89. Ke3 Ke8 90. Ke2 Rf4 91. Ke3 Rf1 92.
Rh6 Kd7 93. Rh2 Ke8 94. Rf2 Rh1 95. Kf3 Kf7 96. Rg2 Rf1+ 97. Ke2 Rf4 98. Kd3 Ke8
99. Rg8+ Kd7 100. Ke3 Rf1 101. Rg4 Re1+ 102. Kf2 Rh1 103. Kg3 Ke8 104. Kf4 Kf7
105. Rg3 Rh4+ 106. Ke3 Rh1 107. Rg6 Re1+ 108. Kd3 Rd1+ 109. Ke2 1/2-1/2

[Event "21st Dubai Open 2019"]
[Site "Dubai UAE"]
[Date "2019.04.06"]
[Round "6.9"]
[White "Mareco, Sandro"]
[Black "Vishnu Prasanna, V"]
[Result "1-0"]
[WhiteTitle "GM"]
[BlackTitle "GM"]
[WhiteElo "2666"]
[BlackElo "2524"]
[WhiteFideId "112275"]
[BlackFideId "5030692"]
[EventDate "2019.04.01"]

1. e4 c5 2. Nf3 d6 3. Bb5+ Bd7 4. Bxd7+ Qxd7 5. c4 Nc6 6. Nc3 g6 7. d4 cxd4 8.
Nxd4 Nf6 9. Nde2 Bg7 10. O-O O-O 11. f3 e6 12. Bg5 h6 13. Bh4 Rac8 14. Qd2 Kh7
15. Rfd1 Rfd8 16. Rac1 b6 17. b3 Ne7 18. e5 Ne8 19. exd6 Nxd6 20. Ne4 Qc7 21.
Nxd6 Nf5 22. Bxd8 Rxd8 23. Qb4 Nxd6 24. c5 bxc5 25. Qxc5 Qe7 26. Nd4 1-0

[Event "21st Dubai Open 2019"]
[Site "Dubai UAE"]
[Date "2019.04.06"]
[Round "6.10"]
[White "Vokhidov, Shamsiddin"]
[Black "Sethuraman, S.P."]
[Result "0-1"]
[WhiteTitle "IM"]
[BlackTitle "GM"]
[WhiteElo "2494"]
[BlackElo "2637"]
[WhiteFideId "14204223"]
[BlackFideId "5021596"]
[EventDate "2019.04.01"]

1. e4 d6 2. d4 Nf6 3. Nc3 g6 4. Bg5 c6 5. Qd2 Nbd7 6. O-O-O h6 7. Bh4 Qa5 8. Kb1
b5 9. Bd3 b4 10. Nce2 Bg7 11. f4 Rb8 12. Nc1 O-O 13. Nf3 Qc7 14. Rhe1 c5 15.
dxc5 Nxc5 16. Nb3 Na4 17. e5 Nd5 18. Ka1 Nab6 19. Bg3 a5 20. Nbd4 a4 21. f5 gxf5
22. exd6 exd6 23. Nb5 Qd8 24. Bh4 Qd7 25. Nfd4 a3 26. bxa3 Ba6 27. c3 Nxc3 28.
Bxf5 Qxb5 29. Bf6 Bxf6 30. Qxh6 Qxf5 31. Nxf5 Ncd5+ 32. Rd4 Rfe8 33. Rxe8+ Rxe8
34. Kb1 Re1+ 35. Kc2 Re2+ 36. Rd2 Re5 37. Nxd6 bxa3 38. Rf2 Re6 39. Rxf6 Rxf6
40. Qg5+ Kf8 41. Ne4 Rg6 42. Qd8+ Kg7 43. g3 Bc8 44. Kb3 Be6 45. Kxa3 Bf5 46.
Nc5 Rg4 47. Qe8 Rb4 48. Qe5+ Kg6 49. Qd6+ f6 0-1